| Registos Bibliográficos associados ao registo de autoridade |
|
Etiqueta de registo: 00254nam 2200025 450 001 2285869 003 http://id.bnportugal.gov.pt/bib/catbnp/2285869 100 ## $a20260506d1609 m y0pory01030103ba 101 0# $alat$cheb 102 ## $aCH 105 ## $ay z 000yy 106 ## $ar 200 1# $aRoberti Bellarmini Politiani, Societatis Iesu, S. R. E. Cardinalis, Institutiones
linguae Hebraicae, postremò recognitae, ac locupletatae 210 #9 $aAureliae Allobrogum$capud Franciscum Fabrum,$d1609 215 ## $a[8], 334 p.$d8º (18 cm) 306 ## $aMarca do impressor na f. de rosto 307 ## $aTexto com apostilhas marginais 307 ## $aAssin.: ¶//4, A-X//8 316 ## $aExemplar em mau estado. - Enc. em pergaminho$5PTBN: R. 1838 P. 321 ## $aICCU IT\ICCU\UBOE\000231 500 10 $aInstitutiones linguae Hebraicae, postremo recognitae, ac locupletatae 620 ## $dGenebra 700 #0 $aRoberto Belarmino,$cSanto,$f1542-1621,$cS.J.$371475 702 #1 $aLe Fèvre,$bFrançois,$ffl. 1580-1607$4610$31997791 801 #0 $aPT$bBN$gRPC 856 40 $2Cópia digital disponível em Google Books$uhttps://books.google.pt/books?id=zIWEmcFKKbgC&hl=pt-PT&pg=PP5#v=onepage&q&f=false 966 ## $lBN$mFGMON$sR. 1838 P. 971 ## $cpmesqui$d20260506 997 ## $aBIBEOD
|
|
|